000 01455nam a22001937a 4500
999 _c59951
_d59951
003 Ge_BSU
005 20230523105145.0
008 230522s2015 ge ||||| |||| 00| 0 geo d
020 _a9789941945076
041 _ageo
080 _a378.4(479.22)(063) ქ-27
245 _aქართული უნივერსიტეტის პირველი სამეცნიერო კონფერენცია :
_bკონფერენციის მასალები (2015 წ. 21 ოქტომბერი) /
_cრედ. ს. ვარდოსანიძე; ტექსტი მოამზადეს ე. კოპალიანმა, ლ. თამარაშვილმა და მ. შალიკაშვილმა; საქ. საპატრიარქოს წმ. ანდრია პირველწოდებულის სახ. ქართული უნ-ტი.
264 _aთბილისი :
_b ქართული უნივერსიტეტი,
_c2015.
300 _a144 გვ. ;
_b20 სმ.
520 _aრეზიუმე ინგლ. ენაზე.
653 _aუნივერსიტეტები საქართველოში
710 _aსაქ. საპატრიარქოს წმ. ანდრია პირველწოდებულის სახ. ქართული უნ-ტი.
_918173
942 _2udc
_cBK